Statistics for US Presidential Nicknames

Click here to take the quiz!

General Stats

  • This quiz has been taken 451 times
  • The average score is 12 of 20

Answer Stats

Nickname President % Correct
Honest AbeAbraham Lincoln
99%
Tricky DickRichard Nixon
95%
Father of his CountryGeorge Washington
92%
IkeDwight D. Eisenhower
90%
The Peanut FarmerJimmy Carter
85%
Silent CalCalvin Coolidge
83%
DubyaGeorge W. Bush
79%
Slick WillieBill Clinton
70%
The Great CommunicatorRonald Reagan
67%
Old HickoryAndrew Jackson
62%
BarryBarack Obama
57%
The Apostle of DemocracyThomas Jefferson
49%
Old TippecanoeWilliam H. Harrison
43%
His Little MajestyJames Madison
40%
The Tennessee TailorAndrew Johnson
31%
The Colossus of IndependenceJohn Adams
28%
His AccidencyJohn Tyler
24%
Young HickoryJames K. Polk
22%
Mr. Nice GuyGerald Ford
20%
His FraudulencyRutherford B. Hayes
16%

Score Distribution

Percentile by Number Answered

Percent of People with Each Score

Your Score History

You have not taken this quiz